000 00484nam a22001697a 4500
999 _c196108
_d196108
010 _aENG-137073
020 _c125.00
_a9789380816258
035 _aEN-120605
037 _bDBAD/PUB
082 _aN
100 _aShelley, Mary
245 _aFrankensten /
_cBy Mary Shelley,
260 _aNoida
_bMaple Press Private Ltd
_c2012
270 _aA-63, Sector -58
_bNoida
_e201301
_k+1204553581
_minfo@maplepress.co.in
300 _a207p.;
_c20cm(pbk)
_bill.
942 _2ddc
_cEN
_hN
_mSHE